[Event "Dulles Cherry Blossom op 11th"]
[Site "Dulles"]
[Date "2024.05.25"]
[Round "5"]
[White "Patel, Maahir M"]
[Black "Gartenlaub, Corin"]
[Result "1/2-1/2"]
[WhiteElo "1965"]
[BlackElo "1856"]
[PlyCount "83"]
[EventDate "2024.05.22"]
[EventType "swiss"]
[EventRounds "9"]
[EventCountry "USA"]
[SourceTitle "CB22_2024"]
[SourceDate "2024.05.29"]
[SourceVersion "1"]
[SourceVersionDate "2024.05.29"]
[SourceQuality "1"]

1. e4 c5 2. Nf3 Nc6 3. Bb5 d6 4. 0-0 Nf6 5. Re1 g6 6. c3 Bg7 7. d4 cxd4 8. cxd4 a6 9. Ba4 b5 10. Bb3 0-0 11. h3 Bb7 12. a3 Na5 13. Bc2 Qb6 14. Nc3 Rac8 15. d5 Nc4 16. Bd3 Nd7 17. Bxc4 Rxc4 18. Be3 Qa5 19. Nd2 Rcc8 20. Nb3 Qd8 21. Bd4 Ne5 22. f4 Nc4 23. Bxg7 Kxg7 24. Qd4+ Kg8 25. Re2 Qb6 26. Qxb6 Nxb6 27. Na5 Rc7 28. Rc1 Rfc8 29. Rec2 Nd7 30. Kf1 Nf6 31. Ke2 Ba8 32. Kd3 e6 33. dxe6 Nxe4 34. exf7+ Kxf7 35. Re2 Re8 36. Rce1 Nc5+ 37. Kd2 Rce7 38. Rxe7+ Rxe7 39. Rxe7+ Kxe7 40. g3 Bg2 41. h4 h5 42. Ke3 1/2-1/2

[Event "Dulles Cherry Blossom op 11th"]
[Site "Dulles"]
[Date "2024.05.24"]
[Round "3"]
[White "Patel, Maahir M"]
[Black "Ling, Chenxuan"]
[Result "1/2-1/2"]
[WhiteElo "1965"]
[BlackElo "1780"]
[PlyCount "58"]
[EventDate "2024.05.22"]
[EventType "swiss"]
[EventRounds "9"]
[EventCountry "USA"]
[SourceTitle "CB22_2024"]
[SourceDate "2024.05.29"]
[SourceVersion "1"]
[SourceVersionDate "2024.05.29"]
[SourceQuality "1"]

1. c4 e5 2. g3 Nf6 3. Bg2 d5 4. cxd5 Nxd5 5. Nf3 Nc6 6. 0-0 Be6 7. d4 exd4 8. Nxd4 Nxd4 9. Qxd4 c6 10. Nc3 Nf6 11. Qa4 Be7 12. Rd1 Qc8 13. Bf4 0-0 14. e4 Rd8 15. e5 Nd7 16. Ne4 Nb6 17. Qc2 Bf5 18. Rxd8+ Bxd8 19. Qc5 Nd7 20. Qc3 Bxe4 21. Bxe4 Nf8 22. Qc2 Bb6 23. Kg2 Ng6 24. Bd2 Qg4 25. h3 Nh4+ 26. Kh2 Nf3+ 27. Kg2 Nh4+ 28. Kh2 Nf3+ 29. Kg2 Nh4+ 1/2-1/2